|
|
|
|
| LEADER |
00896nam a2200289 a 4500 |
| 001 |
012954 |
| 003 |
AR-BeUNQ |
| 005 |
20230331130853.0 |
| 007 |
ta |
| 008 |
971002s1995 mx 000 0 spa d |
| 999 |
|
|
|c 15358
|d 90745
|
| 020 |
|
|
|a 9682317924
|
| 040 |
|
|
|a AR-BeUNQ
|b spa
|c AR-BeUNQ
|e aacr
|
| 099 |
|
|
|a 10-G24
|
| 100 |
1 |
|
|a Giroux, Henry A.
|9 3955
|
| 245 |
1 |
0 |
|a Teoría y resistencia en educación :
|b una pedagogía para la oposición /
|c Henry A Giroux.
|
| 250 |
|
|
|a 2a ed.
|
| 260 |
|
|
|a México D.F. :
|b Siglo Veintiuno,
|c 1995
|
| 300 |
|
|
|a 329 p.
|
| 490 |
0 |
|
|a Educación
|
| 650 |
|
7 |
|a Educación
|2 spines
|
| 650 |
|
7 |
|a Pedagogía
|2 spines
|
| 650 |
|
7 |
|a Filosofía del conocimiento
|2 spines
|
| 650 |
|
7 |
|a Alfabetización
|2 spines
|
| 929 |
|
|
|a COMPRA
|b Gandhi
|c Exp. 827-0764/97
|d 25,00
|e 19971002
|j 21448
|
| 929 |
|
|
|a COMPRA
|b Gandhi
|c Exp. 827-0764/97
|d 25,00
|e 19971002
|j 21449
|
| 942 |
|
|
|c LIB
|n 0
|